|
|
|
|
| LEADER |
01596njm a2200385 a 4500 |
| 001 |
000158607 |
| 003 |
CZ BrMZK |
| 005 |
20150116085718.0 |
| 007 |
sd bsmcnnmpuue |
| 008 |
950101s1994 xr pp g cze d |
| 028 |
0 |
1 |
|a 660338-1331
|b Monitor-EMI
|
| 028 |
1 |
1 |
|a 7724
|b Monitor-EMI
|
| 040 |
|
|
|a BOA001
|b cze
|
| 045 |
|
|
|a x9y0
|
| 072 |
|
7 |
|a 784
|x Vokální hudba
|2 Konspekt
|9 9
|
| 080 |
|
|
|a 784.4
|2 MRF
|
| 080 |
|
|
|a 784.4
|2 MRF
|
| 080 |
|
|
|a (086.72)
|2 MRF
|
| 100 |
1 |
|
|a Nohavica, Jaromír,
|d 1953-
|7 jn19990209588
|4 cmp
|4 lyr
|4 itr
|4 sng
|
| 245 |
1 |
0 |
|a Tři čuníci
|h [zvukový záznam] /
|c Jarek Nohavica
|
| 260 |
|
|
|a Praha :
|b Monitor-EMI,
|c p1994
|
| 300 |
|
|
|a 1 zvuková deska (45:00) :
|b analog, 33 ot/min, stereo ;
|c 30 cm
|
| 306 |
|
|
|a 004500
|
| 500 |
|
|
|a Gramogonová deska (LP)
|
| 505 |
0 |
0 |
|t Zajíci --
|t Lachtani --
|t Kozel --
|t Afričančata --
|t Podzimní --
|t Můj pes --
|t Delfíni --
|t Dárky --
|t Hlídač krav --
|t Když byl Pepa ještě mladý --
|t Pijte vodu --
|t Grónská písnička --
|t Kapr --
|t Metro pro krtky --
|t Večerní --
|t Telátko oblíbené I. --
|t Šnečí blues --
|t Tři čuníci --
|t Ukolébavka
|
| 511 |
0 |
|
|a Hraje, zpívá a recituje Jaromír Nohavica
|
| 518 |
|
|
|a Nahráno 25. října 1994 v U klubu Olomouc,
|
| 648 |
|
7 |
|a 1991-2000
|7 ch460587
|
| 650 |
0 |
7 |
|a populární písně
|7 ph124354
|2 czenas
|
| 650 |
0 |
7 |
|a folk
|7 ph119202
|2 czenas
|
| 655 |
|
7 |
|a gramofonové desky
|7 fd186718
|2 czenas
|
| 910 |
|
|
|a BOA001
|b LP-0004.290
|
| 990 |
|
|
|a AV
|
| 991 |
|
|
|b 201501
|
| 996 |
6 |
|
|b 261H004347
|c LP-0004.290
|l MZK
|r Sklad / do 24 hodin
|n 0
|p p.v.
|w 000158607
|u 000010
|a 1
|e BOA001
|j MZK50
|s P
|